Statistics for European Actors by Picture

Click here to take the quiz!

General Stats

  • This quiz has been taken 185 times
  • The average score is 8 of 15

Answer Stats

Answer% Correct
Penélope Cruz
80%
Antonio Banderas
72%
Gérard Depardieu
72%
Sophia Loren
72%
Ingrid Bergman
56%
Christoph Waltz
53%
Marlene Dietrich
53%
Jean Reno
51%
Mads Mikkelsen
48%
Marion Cotillard
48%
Roberto Benigni
44%
Eva Green
43%
Catherine Deneuve
35%
Jean Dujardin
25%
Nikolaj Coster-Waldau
25%

Score Distribution

Percentile by Number Answered

Percent of People with Each Score

Your Score History

You have not taken this quiz